02693nam a2200289 u 4500001000800000005001700008007001000025008004100035035001200076040001300088041000800101080000700109100004300116245015400159260003900313300001300352520177600365650004602141650002002187650002202207650002802229650003102257700004802288700004702336502001202383526000802395138734620260508085626.0co|||||||141002s2014 spa  a1387346 ccomduadb aspa aWA10aCano Puerta, Claudia Marcela4auteaut10aGasto en salud y percepción de pobreza en los hogares colombianos por región de residencia, según la Encuesta Nacional de Calidad de Vida, 2011 aMedellín :bAutores (as),c2014. a1 CD-ROM3 aContexto: En un sentido integral, las personas están sanas no solo al estar libres de enfermedad, sino cuando se sienten bien, creativas y productivas y cuando se relacionan constructivamente con ellas mismas, con los demás y con su comunidad. El gasto en salud involucra todos aquellos gastos comprometidos de forma directa o indirecta con la consecución de objetivos genéricos del bienestar o la calidad de vida relacionada con la salud. La percepción de pobreza es un sentimiento subjetivo de los individuos, que se encuentra ligado a los grados de satisfacción que se obtengan de los diferentes componentes de la vida como salud, educación, entretenimiento y trabajo. Un grado de satisfacción muy bajo puede desestabilizar fuertemente el estado de salud del hogar. Describir el gasto en salud de los hogares es importante debido a que pone en relieve la magnitud del efecto del gasto de bolsillo en salud en una posible influencia de la pobreza. Objetivo: En este proyecto de investigación se pretendió describir el gasto en salud y la percepción de pobreza en los hogares colombianos, por región de residencia, según la Encuesta Nacional de Calidad de Vida realizada en Colombia en el año 2011. Métodos: Se realizó un análisis estadístico de tipo descriptivo y retrospectivo de corte transversal de relación de variables que permitió representar de manera descriptiva el gasto en salud y la percepción de pobreza de los hogares colombianos, basados en una fuente de información secundaria obtenida mediante la Encuesta Nacional de Calidad de Vida, 2011 del DANE. Con diversas variables que permiten dar una representación a nivel socio demográfico de las características de las viviendas, los hogares y las personas. 7aSalud pública - Aspectos sociales2lemb aGastos en salud aGastos familiares 7aPobrezazColombia2lemb aCalidad de vida - Colombia10aVélez Osorio, Fabián Mauricio4auteaut10aAgudelo García, Héctor Byron4thseths b278c20 a280